Foreign affairs. (Record no. 90088)

MARC details
000 -LEADER
fixed length control field 00932cam a22002651 4500
001 - CONTROL NUMBER
control field sd 63000002
003 - CONTROL NUMBER IDENTIFIER
control field DLC
005 - DATE AND TIME OF LATEST TRANSACTION
control field 20260227112736.0
008 - FIXED-LENGTH DATA ELEMENTS--GENERAL INFORMATION
fixed length control field 920420s1963 dcu f000 0 eng c
010 ## - LIBRARY OF CONGRESS CONTROL NUMBER
LC control number sd 63000002
035 ## - SYSTEM CONTROL NUMBER
System control number (OCoLC)25678293
040 ## - CATALOGING SOURCE
Original cataloging agency U.S. Dept. of State. Library
Transcribing agency DS
Modifying agency DS
-- DLC
042 ## - AUTHENTICATION CODE
Authentication code premarc
050 00 - LIBRARY OF CONGRESS CALL NUMBER
Classification number E841
Item number .U52
110 1# - MAIN ENTRY--CORPORATE NAME
Corporate name or jurisdiction name as entry element United States.
Subordinate unit President (1961-1963 : Kennedy)
245 10 - TITLE STATEMENT
Title Foreign affairs.
260 ## - PUBLICATION, DISTRIBUTION, ETC.
Place of publication, distribution, etc. [Washington,
Name of publisher, distributor, etc. U.S. Govt. Print. Off.,
Date of publication, distribution, etc. 1963]
300 ## - PHYSICAL DESCRIPTION
Extent 19 p.
Dimensions 20 cm.
490 1# - SERIES STATEMENT
Series statement [U.S.] Dept. of State. Publication
Volume/sequential designation 7487
490 1# - SERIES STATEMENT
Series statement General foreign policy series,
Volume/sequential designation 185
500 ## - GENERAL NOTE
General note "Excerpt from the State of the Union message, January 14, 1963."
651 #0 - SUBJECT ADDED ENTRY--GEOGRAPHIC NAME
Geographic name United States
General subdivision Foreign relations
Chronological subdivision 1961-1963.
830 #0 - SERIES ADDED ENTRY--UNIFORM TITLE
Uniform title Department of State publication ;
Volume/sequential designation 7487.
830 #0 - SERIES ADDED ENTRY--UNIFORM TITLE
Uniform title Department of State publication.
Name of part/section of a work General foreign policy series ;
Volume/sequential designation 185.

No items available.

Powered by Koha